[Event "Detroit (MOR/3/81)"]
[Site "?"]
[Date "1992.??.??"]
[Round "?"]
[White "Vega, D."]
[Black "Wright, Ken"]
[Result "1-0"]
[WhiteElo "1655"]
[BlackElo "1605"]
[PlyCount "69"]
[EventDate "1992.??.??"]

{3/(81)} 1. e4 c5 2. Nf3 e6 3. d4 Nc6 4. d5 exd5 5. exd5 Qe7+ 6. Be2 Ne5 7. O-O
d6 8. Re1 f6 9. Bb5+ Bd7 10. Bxd7+ Qxd7 11. c4 Ne7 12. Na3 N7g6 13. Bd2 Be7 14.
b4 Nd3 15. Re3 Ngf4 16. Ne1 Qf5 17. Nxd3 Nxd3 18. Rf3 Qg6 19. Qa4+ Kf7 20. Qd7
Ne5 21. Qe6+ Ke8 22. Rg3 Qf7 23. Nb5 Qxe6 24. Nc7+ Kf7 25. dxe6+ Kf8 26. Nxa8
Nxc4 27. Bc3 Bd8 28. bxc5 dxc5 29. Rd1 Be7 30. Rd7 Nd6 31. Nc7 Nf5 32. Rgd3 c4
33. R3d5 g6 34. Bxf6 c3 35. Rd8+ 1-0

[Event "Ann Arbor (HVA/3/14)"]
[Site "?"]
[Date "1992.??.??"]
[Round "?"]
[White "Vega, D."]
[Black "Thomas, A."]
[Result "1-0"]
[WhiteElo "1655"]
[BlackElo "1605"]
[PlyCount "51"]
[EventDate "1992.??.??"]

{3/(14)} 1. e4 e5 2. Nf3 Nc6 3. Bb5 a6 4. Ba4 Bc5 5. c3 Nf6 6. d3 O-O 7. Bg5
Be7 8. Nbd2 Nh5 9. h4 Bxg5 10. hxg5 Nf4 11. Nf1 Nxg2+ 12. Kd2 Nf4 13. Ne3 f6
14. Bb3+ Kh8 15. Qg1 d6 16. Qg3 Be6 17. Rxh7+ Kxh7 18. g6+ Nxg6 19. Rh1+ Kg8
20. Bxe6+ Rf7 21. Qxg6 Qe7 22. Bxf7+ Qxf7 23. Rh8+ Kxh8 24. Qxf7 Rc8 25. Nf5
Rg8 26. Qh5# 1-0

[Event "Detroit (MOR/6/69)"]
[Site "?"]
[Date "1992.??.??"]
[Round "?"]
[White "Vega, D."]
[Black "Stanulis, T."]
[Result "0-1"]
[WhiteElo "1655"]
[BlackElo "1605"]
[PlyCount "82"]
[EventDate "1992.??.??"]

{6/(69)} 1. e4 c5 2. Nf3 Nc6 3. d4 cxd4 4. Nxd4 g6 5. Be3 Bg7 6. f4 d6 7. Bb5
Bd7 8. Bxc6 bxc6 9. O-O c5 10. c3 cxd4 11. cxd4 Nf6 12. Nc3 Ng4 13. Bc1 Qb6 14.
e5 dxe5 15. Kh1 exd4 16. Nd5 Qd6 17. Qf3 O-O 18. Bd2 Nh6 19. Bb4 Bg4 20. Bxd6
Bxf3 21. Nxe7+ Kh8 22. Rxf3 Rfd8 23. Bb4 a5 24. Bd2 Rd6 25. Rc1 Re6 26. Rc7 Re8
27. f5 Nxf5 28. g4 Nxe7 29. Rxf7 Kg8 30. Rf3 Re2 31. Bxa5 Rxb2 32. a3 Nd5 33.
Rd7 Ne3 34. Kg1 Rb1+ 35. Kf2 Rf1+ 36. Kg3 Rxf3+ 37. Kxf3 Rf8+ 38. Kg3 Be5+ 39.
Kh4 h6 40. Bd8 Rf2 41. Kh3 Rxh2# 0-1

[Event "Ann Arbor (HVA/1/3)"]
[Site "?"]
[Date "1992.??.??"]
[Round "?"]
[White "Vega, D."]
[Black "Smith, Ed"]
[Result "0-1"]
[WhiteElo "1655"]
[BlackElo "1925"]
[PlyCount "50"]
[EventDate "1992.??.??"]

{1/(3)} 1. e4 e5 2. Nf3 Nf6 3. Nc3 Nc6 4. Bc4 Bc5 5. O-O O-O 6. d3 h6 7. Ne2 d6
8. h3 Be6 9. Bb5 a6 10. Bxc6 bxc6 11. c3 Bb6 12. Qc2 c5 13. c4 c6 14. Rd1 Qc7
15. Nh2 Nh7 16. f4 f5 17. Be3 g5 18. fxe5 dxe5 19. exf5 Bxf5 20. Ng3 Bg6 21.
Qe2 Nf6 22. Rf1 Rae8 23. Nf5 Kh7 24. h4 e4 25. hxg5 hxg5 0-1

[Event "Ann Arbor (HVA/4/6)"]
[Site "?"]
[Date "1992.??.??"]
[Round "?"]
[White "Vega, D."]
[Black "Kung, Fred"]
[Result "0-1"]
[WhiteElo "1655"]
[BlackElo "1855"]
[PlyCount "24"]
[EventDate "1992.??.??"]

{4/(6)} 1. e4 e6 2. d4 d5 3. Nd2 c5 4. c3 Nc6 5. Ngf3 Qb6 6. a4 cxd4 7. a5 Nxa5
8. Qa4+ Nc6 9. exd5 dxc3 10. Nc4 Qb4 11. dxc6 cxb2+ 12. Bd2 Qxa4 0-1

[Event "Detroit (MOR/1a/42)"]
[Site "?"]
[Date "1992.??.??"]
[Round "?"]
[White "Vega, D."]
[Black "Carpenter, O."]
[Result "1-0"]
[WhiteElo "1655"]
[BlackElo "1605"]
[PlyCount "71"]
[EventDate "1992.??.??"]

1. e4 c5 2. Nf3 d6 3. d4 cxd4 4. Nxd4 Nf6 5. Nc3 a6 6. Bg5 h6 7. Bh4 Nc6 8. f3
Qb6 9. Bxf6 gxf6 10. Nd5 Qd8 11. c4 e6 12. Nc3 Bd7 13. Rc1 Qb6 14. Nde2 Rc8 15.
Na4 Qa5+ 16. Kf2 b5 17. cxb5 axb5 18. Nac3 Qb6+ 19. Ke1 h5 20. Qd2 Bh6 21. f4
Ne7 22. Rd1 Rc6 23. Nd4 e5 24. Nxc6 Bxf4 25. Qxd6 Qe3+ 26. Be2 Bg3+ 27. hxg3
Qxg3+ 28. Kf1 Qf4+ 29. Bf3 Nxc6 30. Qxd7+ Kf8 31. Qxc6 Kg7 32. Nd5 Qh6 33. Rxh5
Qg6 34. Rxh8 Kxh8 35. Qxf6+ Qxf6 36. Nxf6 1-0

[Event "East Lansing (MI Am/1)"]
[Site "?"]
[Date "1992.??.??"]
[Round "?"]
[White "Vaughn, Gerald"]
[Black "Wanshon, Kevin"]
[Result "0-1"]
[WhiteElo "1605"]
[BlackElo "1810"]
[PlyCount "86"]
[EventDate "1992.??.??"]

1. e4 c6 2. b3 d5 3. e5 Bf5 4. d4 e6 5. Nf3 Qc7 6. Be2 c5 7. c3 Nc6 8. Nbd2
cxd4 9. cxd4 Nge7 10. O-O Nb4 11. Ne1 a6 12. a3 Bc2 13. Nxc2 Nxc2 14. Rb1 Nxd4
15. Bb2 Qxe5 16. Nf3 Nxe2+ 17. Kh1 Qh5 18. Qxe2 Nf5 19. b4 Bd6 20. Qe1 O-O 21.
Rc1 Nh4 22. Qc3 f6 23. Nxh4 Qxh4 24. g3 Qe4+ 25. Kg1 Be5 26. Qd2 Bxb2 27. Qxb2
Rac8 28. Rfe1 Qf5 29. Re2 e5 30. Rec2 Rxc2 31. Rxc2 Rc8 32. Rxc8+ Qxc8 33. Qd2
Qc4 34. f3 d4 35. g4 Qc3 36. Qa2+ Kf8 37. Qd5 Qc6 38. Qe4 Qxe4 39. fxe4 Ke7 40.
Kf2 Kd6 41. Ke2 Kc6 42. a4 a5 43. b5+ Kc5 0-1

[Event "Detroit (MI Action/4)"]
[Site "?"]
[Date "1992.??.??"]
[Round "?"]
[White "Vaughn, Gerald"]
[Black "Walker, Douglas"]
[Result "0-1"]
[WhiteElo "1605"]
[BlackElo "1875"]
[PlyCount "68"]
[EventDate "1992.??.??"]

1. e4 e6 2. d4 d5 3. exd5 exd5 4. Be3 Nf6 5. c4 c6 6. cxd5 Nxd5 7. Nc3 Bb4 8.
Nge2 Nxe3 9. fxe3 Bg4 10. Qb3 Qe7 11. Kd2 O-O 12. a3 Ba5 13. Re1 b5 14. h3 Be6
15. Qc2 b4 16. axb4 Qxb4 17. Nf4 Bb3 18. Qe4 Nd7 19. Nd3 Qd6 20. Nc1 Bd5 21.
Qh4 Nf6 22. Bd3 Qb4 23. Bxh7+ Nxh7 24. Nd3 Qd6 25. Ra1 Bxc3+ 26. bxc3 Nf6 27.
Rhg1 Ne4+ 28. Kc2 Qe6 29. Rab1 Rfb8 30. Nf4 Bb3+ 31. Kc1 Qf5 32. g4 Qa5 33. Ne2
Qa3+ 34. Rb2 Ba4 0-1

[Event "East Lansing (MI Am/3)"]
[Site "?"]
[Date "1992.??.??"]
[Round "?"]
[White "Vaughn, Gerald"]
[Black "Vaka, Flamur"]
[Result "0-1"]
[WhiteElo "1605"]
[BlackElo "1605"]
[PlyCount "100"]
[EventDate "1992.??.??"]

1. e4 e5 2. Nf3 Nc6 3. Bc4 Bc5 4. d3 h6 5. O-O Nf6 6. Nc3 d6 7. h3 Bd7 8. a3 a6
9. Bd2 O-O 10. Kh1 Ne7 11. Ne2 Ng6 12. c3 Bb6 13. d4 Nxe4 14. dxe5 Nxf2+ 15.
Rxf2 Bxf2 16. exd6 cxd6 17. Qf1 Bb6 18. Rd1 Ba4 19. b3 Bc6 20. Nf4 Nh4 21. Bd5
Rc8 22. Nxh4 Qxh4 23. Ng6 Qh5 24. Ne7+ Kh8 25. Nxc8 Rxc8 26. Bxc6 Rxc6 27. c4
Rc8 28. Bf4 Re8 29. Rxd6 Bd8 30. Qa1 Kg8 31. Qf1 Bh4 32. g3 Bf6 33. Rd3 Qf5 34.
Rf3 Qg6 35. Rf2 Bc3 36. Kh2 Re1 37. Qg2 Qb6 38. Qf3 Bd4 39. Be3 Rxe3 40. Qxf7+
Kh7 41. Qf5+ Qg6 42. Qxg6+ Kxg6 43. Rf4 Bf6 44. c5 Rxb3 45. Ra4 Rc3 46. Ra5 Rc4
47. c6 Rxc6 48. g4 b5 49. h4 Bd8 50. h5+ Kg5 0-1

[Event "Detroit (MOR/7/80)"]
[Site "?"]
[Date "1992.??.??"]
[Round "?"]
[White "Vaughn, Gerald"]
[Black "Vaka, Flamur"]
[Result "0-1"]
[WhiteElo "1605"]
[BlackElo "1605"]
[PlyCount "84"]
[EventDate "1992.??.??"]

{7/(80)} 1. e4 c6 2. d4 d5 3. Nc3 dxe4 4. Nxe4 Nf6 5. Nxf6+ gxf6 6. Bd3 Qc7 7.
Be3 Be6 8. Ne2 Bg4 9. h3 Bh5 10. Qd2 e6 11. Bh6 Nd7 12. Bxf8 Nxf8 13. Nf4 Bg6
14. Nxg6 Nxg6 15. g3 O-O-O 16. O-O-O Rxd4 17. Qe3 Rhd8 18. Qh6 Qa5 19. a3 Qg5+
20. Qxg5 fxg5 21. Bxg6 Rxd1+ 22. Rxd1 Rxd1+ 23. Kxd1 hxg6 24. Ke2 Kd7 25. Ke3
Kd6 26. b4 Kd5 27. Kd3 b5 28. g4 Ke5 29. Ke3 f5 30. f3 f4+ 31. Kd3 Kd5 32. c3
a6 33. c4+ bxc4+ 34. Kc3 c5 35. bxc5 Kxc5 36. a4 a5 37. Kb2 Kb4 38. Kc2 Kxa4
39. Kc3 Kb5 40. Kb2 Kb4 41. Ka2 Kc3 42. Kb1 Kd2 0-1

[Event "Lansing (Apr)"]
[Site "?"]
[Date "1992.??.??"]
[Round "?"]
[White "Vaughn, Gerald"]
[Black "Uptegraff, D."]
[Result "0-1"]
[WhiteElo "1605"]
[BlackElo "1605"]
[PlyCount "116"]
[EventDate "1992.??.??"]

1. e4 e5 2. Nf3 d6 3. Bc4 Bg4 4. Nc3 Nf6 5. d3 Nc6 6. Be3 Be7 7. Nd5 O-O 8. O-O
a6 9. a4 Na5 10. Ba2 Nxd5 11. Bxd5 c6 12. Ba2 b5 13. b4 Nb7 14. a5 Kh8 15. h3
Bh5 16. g4 Bg6 17. Nh2 Bh4 18. f4 exf4 19. Rxf4 Bg3 20. Rf3 Be5 21. Rc1 d5 22.
d4 Bxh2+ 23. Kxh2 Bxe4 24. Rf2 Qh4 25. Qe2 Rae8 26. c3 Re6 27. Bb1 Nd6 28. Rf4
Qe7 29. Bxe4 Nxe4 30. Rf3 Re8 31. Kg2 Ng5 32. Rg3 Rxe3 33. Rxe3 Qxe3 34. Qxe3
Rxe3 35. h4 Ne4 36. h5 Rg3+ 37. Kh2 Rxg4 38. Kh3 Rg5 39. Kh4 f5 40. Re1 Rg4+
41. Kh3 Rg3+ 42. Kh4 Rxc3 43. Rf1 g6 44. hxg6 hxg6 45. Rg1 Kg7 46. Rg2 g5+ 47.
Rxg5+ Nxg5 48. Kxg5 Rf3 49. Kh4 Rf1 50. Kh3 Kf6 51. Kg2 Ra1 52. Kf3 Kg5 53. Ke3
f4+ 54. Kf3 Ra3+ 55. Kg2 Kg4 56. Kf2 f3 57. Kg1 Kg3 58. Kf1 Ra1# 0-1

[Event "Ann Arbor (HVA/4/15)"]
[Site "?"]
[Date "1992.??.??"]
[Round "?"]
[White "Vaughn, Gerald"]
[Black "Thomas, A."]
[Result "1-0"]
[WhiteElo "1605"]
[BlackElo "1605"]
[PlyCount "80"]
[EventDate "1992.??.??"]

{4/(15)} 1. e4 e5 2. Nf3 Nc6 3. Bc4 h6 4. Nc3 Nf6 5. O-O Bc5 6. d3 Nd4 7. h3 c6
8. Nxe5 O-O 9. Bxf7+ Rxf7 10. Nxf7 Kxf7 11. e5 Ne8 12. Qh5+ Kg8 13. Ne4 d6 14.
Nxc5 dxc5 15. c3 Nf5 16. Re1 Qxd3 17. Qxe8+ Kh7 18. e6 Nd6 19. Qd8 Bxe6 20.
Qxa8 Bxh3 21. gxh3 Qxh3 22. Re3 Qg4+ 23. Rg3 Qd1+ 24. Kh2 Qh5+ 25. Kg2 Qd5+ 26.
f3 Qd1 27. Rxg7+ Kxg7 28. Bxh6+ Kxh6 29. Rxd1 Nf5 30. Rh1+ Kg5 31. Qg8+ Kf4 32.
Qc4+ Kg5 33. Qg4+ Kf6 34. Qf4 Kg6 35. Rg1 Kf6 36. Kf2 a5 37. Rg5 Ke6 38. Qxf5+
Ke7 39. Rg7+ Kd6 40. Rg6+ Ke7 1-0

[Event "Ann Arbor (HVA/1/11)"]
[Site "?"]
[Date "1992.??.??"]
[Round "?"]
[White "Vaughn, Gerald"]
[Black "Takriti, Samer"]
[Result "0-1"]
[WhiteElo "1605"]
[BlackElo "1835"]
[PlyCount "92"]
[EventDate "1992.??.??"]

{1/(11)} 1. e4 e5 2. Nf3 Nf6 3. Nxe5 d6 4. Nf3 Nxe4 5. d4 d5 6. h3 Bd6 7. Bd3
O-O 8. Be3 f5 9. g3 Qe8 10. Qe2 Bxg3 11. Rg1 f4 12. fxg3 Nxg3 13. Qf2 Nf5 14.
Bxf5 Bxf5 15. Kd2 fxe3+ 16. Qxe3 Qxe3+ 17. Kxe3 Nd7 18. Nc3 c6 19. Kd2 Bxh3 20.
Rg3 Bf5 21. Rag1 Rf7 22. Ng5 Re7 23. Ne2 Nf6 24. Rf3 Ne4+ 25. Nxe4 Bxe4 26. Re3
Rae8 27. Rg4 Bxc2 28. Rgg3 Rxe3 29. Rxe3 Rxe3 30. Kxe3 Kf7 31. Kf4 Kf6 32. Ng3
g6 33. Nf1 g5+ 34. Kg3 h5 35. Ne3 Bd3 36. b4 Be2 37. a3 Bd3 38. Kf2 Bf5 39. Kg3
h4+ 40. Kh2 g4 41. Kg2 Kg5 42. a4 Kf4 43. Nf1 g3 44. Kg1 h3 45. b5 h2+ 46. Kg2
Be4+ 0-1

[Event "East Lansing (MI Am/5)"]
[Site "?"]
[Date "1992.??.??"]
[Round "?"]
[White "Vaughn, Gerald"]
[Black "Reist, Douglas"]
[Result "1-0"]
[WhiteElo "1605"]
[BlackElo "1605"]
[PlyCount "101"]
[EventDate "1992.??.??"]

1. e4 c5 2. Nf3 d6 3. d4 cxd4 4. Nxd4 Nf6 5. Nc3 a6 6. Be2 e5 7. Nf3 Be6 8. Bg5
Be7 9. Bxf6 Bxf6 10. Nd5 Nd7 11. O-O O-O 12. c4 Rc8 13. Rc1 Bg5 14. Nxg5 Qxg5
15. Rc3 Nc5 16. Rg3 Qh4 17. f3 f5 18. f4 Nxe4 19. Rb3 Kh8 20. Rxb7 Bxd5 21.
Qxd5 exf4 22. Qd4 Rg8 23. Bd3 Rce8 24. Bxe4 fxe4 25. Qxd6 Ref8 26. g3 fxg3 27.
hxg3 Rxf1+ 28. Kxf1 Qh1+ 29. Kf2 Qf3+ 30. Kg1 e3 31. Qf4 Qxf4 32. gxf4 e2 33.
Re7 Rf8 34. Rxe2 h5 35. Rf2 h4 36. Kg2 Kh7 37. c5 Kh6 38. c6 Kh5 39. Kf3 g5 40.
Ke4 g4 41. c7 Rc8 42. Rc2 h3 43. Rc5+ Kh4 44. f5 h2 45. Rc1 g3 46. Kf3 Kh3 47.
f6 g2 48. Rc5 Rh8 49. c8=Q+ Rxc8 50. Rxc8 Kh4 51. Kxg2 1-0

[Event "Detroit (MOR/2/109)"]
[Site "?"]
[Date "1992.??.??"]
[Round "?"]
[White "Vaughn, Gerald"]
[Black "Leaman, P."]
[Result "1-0"]
[WhiteElo "1605"]
[BlackElo "1605"]
[PlyCount "80"]
[EventDate "1992.??.??"]

{2/(109)} 1. e4 e5 2. Nf3 Nc6 3. Bb5 a6 4. Ba4 b5 5. Bb3 Nf6 6. O-O Bc5 7. d3
O-O 8. h3 d6 9. Nc3 Bd4 10. Nd5 h6 11. c3 Bb6 12. Nxb6 cxb6 13. Re1 a5 14. d4
exd4 15. cxd4 a4 16. Bc2 Re8 17. a3 Ra7 18. d5 Ne5 19. b3 b4 20. bxa4 bxa3 21.
Rxa3 Nxf3+ 22. Rxf3 Ba6 23. Rg3 Nh5 24. Qxh5 Qf6 25. Bxh6 Kf8 26. Bxg7+ Qxg7
27. Rxg7 Kxg7 28. e5 dxe5 29. Qh7+ Kf8 30. Qh8+ Ke7 31. Rxe5+ Kd6 32. Qxe8 Kc5
33. Re7 Rxe7 34. Qxe7+ Kc4 35. Qxf7 Kd4 36. d6 Kc5 37. d7 Kc6 38. d8=Q Kc5 39.
Qfd5+ Kb4 40. Qb3+ Kc5 1-0

[Event "Detroit (MI Action/3)"]
[Site "?"]
[Date "1992.??.??"]
[Round "?"]
[White "Vaughn, Gerald"]
[Black "Koger, Melvin"]
[Result "1-0"]
[WhiteElo "1605"]
[BlackElo "1815"]
[PlyCount "90"]
[EventDate "1992.??.??"]

1. e4 e6 2. d4 d5 3. exd5 exd5 4. Nf3 Bd6 5. Bd3 Ne7 6. O-O O-O 7. Be3 Bf5 8.
c4 c6 9. Qc2 Bxd3 10. Qxd3 dxc4 11. Qxc4 Nd5 12. Nc3 Nxe3 13. fxe3 Qe7 14. e4
Bf4 15. e5 Be3+ 16. Kh1 Nd7 17. Qd3 Bh6 18. Ne4 c5 19. Nd6 cxd4 20. Qxd4 b6 21.
Nf5 Qe6 22. Nxh6+ gxh6 23. b3 Rfe8 24. Rae1 Rad8 25. Nh4 Nxe5 26. Qa4 Qg4 27.
Qxg4+ Nxg4 28. Rxe8+ Rxe8 29. h3 Ne5 30. Nf5 h5 31. Nd6 Re6 32. Rd1 Ng6 33. Nf5
Re8 34. Rd7 a6 35. Nh6+ Kg7 36. Nxf7 Re7 37. Ne5 Rxd7 38. Nxd7 b5 39. Kg1 Nf4
40. Nc5 a5 41. Kf2 Kf6 42. Kf3 Ke5 43. Nd7+ Kf5 44. g4+ hxg4+ 45. hxg4+ Kg5 1-0

[Event "Lansing (Aug)"]
[Site "?"]
[Date "1992.??.??"]
[Round "?"]
[White "Vaughn, Gerald"]
[Black "Gaiefsky, S."]
[Result "0-1"]
[WhiteElo "1605"]
[BlackElo "1605"]
[PlyCount "90"]
[EventDate "1992.??.??"]

1. e4 c5 2. Nf3 d6 3. d4 cxd4 4. Nxd4 Nf6 5. Nc3 e5 6. Nf3 b6 7. Bg5 Be7 8. Bd3
O-O 9. O-O Bg4 10. h3 Bxf3 11. Qxf3 Nc6 12. Be3 Nd4 13. Bxd4 exd4 14. Nb5 Nd7
15. Nxd4 Ne5 16. Qh5 g6 17. Qe2 Bf6 18. c3 a6 19. Bc2 b5 20. f4 Nc4 21. b3 Na3
22. Rac1 Qc7 23. f5 Qxc3 24. e5 Qxd4+ 25. Kh1 Bxe5 26. fxg6 fxg6 27. Be4 Rxf1+
28. Rxf1 Rf8 29. Rd1 Qb6 30. Qd3 Rf6 31. Qd5+ Kg7 32. Qd3 b4 33. Bf3 Nb5 34. h4
Qf2 35. Rd2 Qxh4+ 36. Kg1 Bd4+ 37. Kf1 Qh1+ 38. Ke2 Re6+ 39. Be4 Qxg2+ 40. Kd1
Qg1+ 41. Ke2 Nc3+ 42. Kf3 Rf6+ 43. Bf5 Rxf5+ 44. Qxf5 gxf5 45. Rg2+ Kf6 0-1

[Event "Detroit (MI Action/1)"]
[Site "?"]
[Date "1992.??.??"]
[Round "?"]
[White "Vaughn, Gerald"]
[Black "Gabbara, Faris"]
[Result "0-1"]
[WhiteElo "1605"]
[BlackElo "2205"]
[PlyCount "60"]
[EventDate "1992.??.??"]

1. e4 e6 2. d4 c5 3. c3 Nf6 4. Bg5 h6 5. Bh4 g5 6. e5 gxh4 7. Nf3 Nd5 8. Nbd2
Nc6 9. Ne4 cxd4 10. cxd4 Bb4+ 11. Ned2 Qa5 12. a3 Bxd2+ 13. Qxd2 Qxd2+ 14. Kxd2
Na5 15. Kc2 b6 16. Nxh4 Bb7 17. b4 Rc8+ 18. Kd1 Nb3 19. f3 Nc3+ 20. Ke1 Nxa1
21. Bd3 Nb3 22. Kf2 Nd5 23. Rb1 Nxd4 24. Rd1 Nc2 25. Be4 Nxa3 26. Ra1 Rc3 27.
h3 Ke7 28. Kg3 Rhc8 29. Rd1 R8c4 30. Kh2 Rxb4 0-1

[Event "Detroit (MOR/4/82)"]
[Site "?"]
[Date "1992.??.??"]
[Round "?"]
[White "Vaughn, Gerald"]
[Black "Choyke, J."]
[Result "1/2-1/2"]
[WhiteElo "1605"]
[BlackElo "1615"]
[PlyCount "70"]
[EventDate "1992.??.??"]

{4/(82)} 1. d4 Nc6 2. e4 d5 3. e5 Bf5 4. Bb5 Qd7 5. Nf3 a6 6. Bd3 Bg4 7. c3
O-O-O 8. Nbd2 e6 9. b4 Na7 10. a4 h6 11. b5 a5 12. Nb3 b6 13. O-O Ne7 14. Bd2
g5 15. c4 dxc4 16. Bxc4 Nd5 17. Rc1 Bb4 18. Bxb4 Nxb4 19. Nxa5 bxa5 20. b6 Nac6
21. Qe2 cxb6 22. Ba6+ Nxa6 23. Qxa6+ Kc7 24. Qa7+ Kc8 25. Qxb6 Bxf3 26. gxf3
Qb7 27. Rxc6+ Kb8 28. Rb1 Rd7 29. Rb5 Qxb6 30. Rcxb6+ Ka7 31. Rd6 Rxd6 32. exd6
Rd8 33. Rxa5+ Kb6 34. Rb5+ Kc6 35. Kf1 Rxd6 1/2-1/2

[Event "Lansing (Apr)"]
[Site "?"]
[Date "1992.??.??"]
[Round "?"]
[White "Vaughn, Gerald"]
[Black "Bohnhorst, B."]
[Result "1-0"]
[WhiteElo "1605"]
[BlackElo "1605"]
[PlyCount "31"]
[EventDate "1992.??.??"]

1. e4 c6 2. d4 d5 3. e5 Bf5 4. Bd3 e6 5. Bxf5 exf5 6. Nf3 g6 7. O-O Bh6 8. Nbd2
Nd7 9. Re1 Ne7 10. h3 O-O 11. Nf1 Bxc1 12. Qxc1 Re8 13. Qh6 Nf8 14. Ng5 Kh8 15.
c3 Ng8 16. Nxf7# 1-0

[Event "Detroit (MOR/2/85)"]
[Site "?"]
[Date "1992.??.??"]
[Round "?"]
[White "Vangilder, W."]
[Black "Sunts, A."]
[Result "0-1"]
[WhiteElo "1605"]
[BlackElo "1605"]
[PlyCount "95"]
[EventDate "1992.??.??"]

{2/(85)} 1. d4 d5 2. c4 Nf6 3. Nf3 Bf5 4. Bg5 e6 5. cxd5 exd5 6. Nc3 c6 7. e3
Be7 8. Bd3 Bxd3 9. Qxd3 O-O 10. O-O Nbd7 11. Rab1 Re8 12. Rfc1 h6 13. Bf4 Nh5
14. Be5 Nxe5 15. Nxe5 Bd6 16. Nf3 Re6 17. Qc2 Rg6 18. b4 Qf6 19. Kh1 a6 20. Na4
Qd8 21. Nc5 Qe7 22. a4 Nf6 23. Nh4 Rg5 24. Nf5 Qc7 25. Nxd6 Qxd6 26. Nxb7 Qe6
27. Qxc6 Qg4 28. Rg1 Ne4 29. Qc2 Qf5 30. Rb2 Rc8 31. Nc5 Rh5 32. g4 Qf3+ 33.
Rg2 Rg5 34. Qe2 Qf6 35. f3 Nc3 36. Qxa6 Rc6 37. Qf1 h5 38. Nd7 Qe6 39. Ne5 Rc8
40. f4 Rxe5 41. fxe5 hxg4 42. Rbc2 Nxa4 43. Rxc8+ Qxc8 44. Ra2 Nb6 45. Ra6 Nc4
46. Ra7 Qe6 47. Ra8+ Kh7 48. Rf8 0-1

[Event "Lansing (Apr)"]
[Site "?"]
[Date "1992.??.??"]
[Round "?"]
[White "Vangilder, W."]
[Black "Payne, B."]
[Result "0-1"]
[WhiteElo "1605"]
[BlackElo "1605"]
[PlyCount "78"]
[EventDate "1992.??.??"]

1. d4 Nf6 2. c4 e6 3. Nf3 Nc6 4. Bg5 Be7 5. Nc3 O-O 6. e3 d5 7. cxd5 exd5 8.
Bd3 Bg4 9. O-O Nh5 10. Bxe7 Nxe7 11. h3 Bxf3 12. Qxf3 Nf6 13. Qe2 Ng6 14. Bxg6
fxg6 15. Qc2 c6 16. Rad1 g5 17. f3 h5 18. e4 g4 19. hxg4 hxg4 20. e5 g3 21.
exf6 Qxf6 22. Ne2 Qh4 23. Nxg3 Qxg3 24. Qf2 Qd6 25. Rfe1 Rf6 26. Rd3 Raf8 27.
Qe2 Rh6 28. Qe5 Qg6 29. Rde3 Rh5 30. Qe6+ Qxe6 31. Rxe6 Rh4 32. Rd1 Kf7 33. Re5
Rfh8 34. Kf2 Rh2 35. Rf5+ Ke6 36. Re5+ Kd6 37. Rde1 R8h6 38. R1e3 Rg6 39. Kf1
Rgxg2 0-1

[Event "Ann Arbor (HVA/3/15)"]
[Site "?"]
[Date "1992.??.??"]
[Round "?"]
[White "Vangilder, W."]
[Black "Mansour, K."]
[Result "0-1"]
[WhiteElo "1605"]
[BlackElo "1605"]
[PlyCount "120"]
[EventDate "1992.??.??"]

{3/(15)} 1. d4 Nf6 2. c4 g6 3. Nc3 Bg7 4. Bg5 O-O 5. Qd2 Nc6 6. Bh6 d5 7. Bxg7
Kxg7 8. cxd5 Nxd5 9. e4 Nxc3 10. bxc3 e5 11. d5 Ne7 12. Bc4 Qd6 13. Ne2 a6 14.
O-O b5 15. Bb3 Rd8 16. c4 Qf6 17. c5 Bb7 18. Rad1 Rd7 19. Qb4 c6 20. d6 Ng8 21.
Qc3 Nh6 22. h3 Bc8 23. f4 exf4 24. Qxf6+ Kxf6 25. Rxf4+ Ke5 26. Rh4 Ng8 27.
Rxh7 Raa7 28. Rh4 a5 29. a4 Ba6 30. Nc3 b4 31. Nb1 Nf6 32. Nd2 Ra8 33. Nc4+
Bxc4 34. Bxc4 Rb8 35. Bb3 Nh5 36. g4 Nf4 37. Rh7 Rf8 38. Kh2 Ne6 39. Bxe6 Kxe6
40. Kg3 Re8 41. Kf4 Rb8 42. Rb1 b3 43. g5 Rb4 44. Rh8 f5 45. Re8+ Kf7 46. Rc8
Rxe4+ 47. Kf3 Rh4 48. Kg2 Rxa4 49. Rxb3 Ra2+ 50. Kg3 a4 51. Re3 Ra1 52. Rc7 f4+
53. Kxf4 Rf1+ 54. Rf3 Rxf3+ 55. Kxf3 Ke6 56. Rc8 Ra7 57. Rb8 Kd5 58. Kf4 a3 59.
Rb1 Kxc5 60. Ke5 Ra5 0-1

[Event "Detroit (MOR/1b/51)"]
[Site "?"]
[Date "1992.??.??"]
[Round "?"]
[White "Vangilder, W."]
[Black "Lewis, C."]
[Result "1/2-1/2"]
[WhiteElo "1605"]
[BlackElo "1610"]
[PlyCount "51"]
[EventDate "1992.??.??"]

1. d4 Nf6 2. c4 e5 3. dxe5 Ng4 4. Nf3 Nc6 5. e3 Bb4+ 6. Bd2 Qe7 7. Be2 b6 8.
Nd4 Bxd2+ 9. Nxd2 Ngxe5 10. Nb5 d6 11. Nc3 Nb4 12. O-O Bb7 13. Qa4+ Nbc6 14.
Nf3 O-O 15. a3 Na5 16. Nd5 Qd8 17. Nxe5 dxe5 18. b4 Bc6 19. Qc2 Nb7 20. Rad1
Nd6 21. Rd2 Bd7 22. Bf3 Rc8 23. Rfd1 Bf5 24. e4 Be6 25. Qc3 Bxd5 26. Rxd5
1/2-1/2

[Event "Flint (Class DE/4)"]
[Site "?"]
[Date "1992.??.??"]
[Round "?"]
[White "Vangilder, W."]
[Black "Jubinski, J."]
[Result "1-0"]
[WhiteElo "1605"]
[BlackElo "1605"]
[PlyCount "147"]
[EventDate "1992.??.??"]

1. d4 e6 2. c4 d5 3. cxd5 exd5 4. Nc3 Bb4 5. Nf3 Nf6 6. Bg5 h6 7. Bh4 g5 8. Bg3
O-O 9. e3 Ne4 10. Qc2 Bf5 11. Bd3 c6 12. a3 Bxc3+ 13. bxc3 Nd7 14. Ne5 Re8 15.
O-O f6 16. Nxd7 Qxd7 17. f3 Nxg3 18. hxg3 Bxd3 19. Qxd3 Kg7 20. g4 Re7 21. Kf2
Rae8 22. Rae1 Rf8 23. Rh1 f5 24. g3 fxg4 25. f4 Qf5 26. Qe2 gxf4 27. gxf4 Qg6
28. Kg3 h5 29. Rh2 Rfe8 30. Qf2 Kh6 31. Qg1 Qd3 32. Kf2 Qf5 33. Qg3 Rg7 34.
Rhh1 Kg6 35. Qg2 Qc2+ 36. Re2 Qxc3 37. Qg3 Kh6 38. Qh4 Rg6 39. Qxh5+ Kg7 40.
Qh7+ Kf6 41. Qh4+ Kf7 42. Qh7+ Rg7 43. Qh5+ Rg6 44. f5 g3+ 45. Kf3 Reg8 46.
fxg6+ Rxg6 47. Rg1 Kf6 48. Qh8+ Ke7 49. Qh7+ Kf6 50. Qh4+ Kf7 51. Rxg3 Rxg3+
52. Kxg3 Qd3 53. Rf2+ Ke8 54. Qf4 Qg6+ 55. Kf3 Qh5+ 56. Kg2 Qg6+ 57. Kf1 Qd3+
58. Kg1 Qxa3 59. Qf7+ Kd8 60. Qxb7 Qxe3 61. Qb8+ Kd7 62. Qxa7+ Kd6 63. Qb8+ Kd7
64. Qf4 Qxf4 65. Rxf4 Kd6 66. Kf2 Kc7 67. Ke3 Kb6 68. Kd3 Kb5 69. Kc3 c5 70.
Rf5 Kc6 71. dxc5 Kxc5 72. Kd3 Kd6 73. Kd4 Ke6 74. Rxd5 1-0

[Event "Lansing (Apr)"]
[Site "?"]
[Date "1992.??.??"]
[Round "?"]
[White "Vangilder, W."]
[Black "Golingai, P."]
[Result "0-1"]
[WhiteElo "1605"]
[BlackElo "1605"]
[PlyCount "64"]
[EventDate "1992.??.??"]

1. d4 Nf6 2. c4 g6 3. Nc3 Bg7 4. e4 d6 5. Be3 O-O 6. Bd3 e5 7. d5 Nbd7 8. Nge2
Nc5 9. O-O Nh5 10. Qd2 Nxd3 11. Qxd3 f5 12. Ng3 Nxg3 13. fxg3 fxe4 14. Qxe4 Bf5
15. Qf3 Bd3 16. Qg4 Rxf1+ 17. Rxf1 Bxf1 18. Kxf1 a6 19. Ne4 b5 20. Bg5 Qf8+ 21.
Ke2 bxc4 22. Bd2 Qf7 23. Ke1 Qxd5 24. Bh6 Qa5+ 25. Kd1 Bxh6 26. Qe6+ Kh8 27.
Qf6+ Bg7 28. Qe6 Qa4+ 29. Ke1 Qb4+ 30. Ke2 Qxb2+ 31. Kf3 Rf8+ 32. Kg4 Qe2+ 0-1

[Event "Detroit (MOR/4/85)"]
[Site "?"]
[Date "1992.??.??"]
[Round "?"]
[White "Vangilder, W."]
[Black "Davis, Michael"]
[Result "0-1"]
[WhiteElo "1605"]
[BlackElo "1605"]
[PlyCount "84"]
[EventDate "1992.??.??"]

{4/(85)} 1. d4 Nf6 2. c4 e6 3. Nf3 b6 4. g3 Bb4+ 5. Nc3 Bb7 6. Bg2 O-O 7. O-O
Bxc3 8. bxc3 d6 9. Ng5 Bxg2 10. Kxg2 h6 11. Nf3 Nbd7 12. Qc2 d5 13. Re1 c6 14.
c5 bxc5 15. Qa4 cxd4 16. Nxd4 c5 17. Ba3 Re8 18. Nb5 Nb6 19. Qf4 e5 20. Qe3 a6
21. Nd6 Qxd6 22. Bxc5 Qc6 23. f3 Na4 24. Ba3 Qxc3 25. Qd3 Qxd3 26. exd3 e4 27.
dxe4 dxe4 28. Re3 exf3+ 29. Rxf3 Nb6 30. Bb2 Nbd5 31. Bd4 Re4 32. Rd1 Re2+ 33.
Kg1 Rxa2 34. Bxf6 Nxf6 35. Rc1 a5 36. Rc7 a4 37. g4 a3 38. h4 Rb2 39. g5 a2 40.
Rc1 a1=Q 41. Rcf1 Qa4 42. Kh1 Qxh4+ 0-1

[Event "Lansing (Aug)"]
[Site "?"]
[Date "1992.??.??"]
[Round "?"]
[White "Vangilder, W."]
[Black "Cooper, G."]
[Result "0-1"]
[WhiteElo "1605"]
[BlackElo "1605"]
[PlyCount "78"]
[EventDate "1992.??.??"]

1. d4 e6 2. c4 c5 3. Nf3 Nf6 4. Bg5 h6 5. Bf4 Qb6 6. Qd2 Ne4 7. Qd3 Nxf2 8.
Kxf2 Qxb2 9. Qc3 Qb6 10. e3 cxd4 11. exd4 Bb4 12. Qb3 Nc6 13. Be3 Na5 14. Qc2
d5 15. c5 Qc7 16. Nc3 O-O 17. a3 Bxc3 18. Qxc3 b6 19. Rc1 Nc4 20. Bxc4 dxc4 21.
Qxc4 a5 22. Rhe1 Ba6 23. Qc3 Rac8 24. c6 g5 25. Ne5 f6 26. Nd7 Rf7 27. Qb3 Qxh2
28. Rh1 Qd6 29. Rxh6 Kg7 30. Rch1 Qxc6 31. Rh7+ Kg8 32. Rh8+ Kg7 33. R1h7+ Kg6
34. Qb1+ Qc2+ 35. Qxc2+ Rxc2+ 36. Kg3 Rxh7 37. Rg8+ Kh6 38. Nxf6 Rg7 39. Rh8+
Kg6 0-1